000 01078nam a2200265Ia 4500
003 OSt
005 20220923211045.0
006 a|||||r|||| 00| 0
007 ta
008 220922b |||||||| |||| 00| 0 hin d
020 _a8174877525 (hbk)
_c1750
024 _a274,174
037 _b162, 24/09/2013, Eastern Book Linkers
_cTextual
040 _aARTS
_cARTS
_bhin
041 _2hin
_ahin
082 _aY592.2, 152Q1.1-.2
100 _aसिंह देव, एस एल, निर्मोही
_9157705
245 0 _aभारत की जातियॉंः उद्भव एंव विकास
246 _aBhārat kī jātiyaॉanah udbhav eanva vikāsa
260 _aनई दिल्ली
_b राधा पब्लिकेशन
_c2011
490 _vखण्ड एक
650 _aभारतीय-लोक साहित्य
_9157706
942 _hY592.2, 152Q1.1-.2
_cTEXL
_2CC
999 _c294628
_d294628